000 00442nam a2200169Ia 4500
008 221030s9999 xx 000 0 und d
020 _a0074603183
041 _aEnglish
082 _a105.23
_bRoy
100 _aM. K. Roy
245 0 _aCOBOL Programming Including MS - Cobol & Cobol - 85
_cby M. K. Roy, D. G. Dastidar
260 _bTMH
_aNew Delhi
_c2003
300 _a496
650 _aBE Computer
700 _aD. G. Dastidar
942 _cBK
999 _c527
_d527